[Event "ERYCA"]
[Site "http://www.queenalice.com/game.php?id=304334"]
[Date "2007.11.15"]
[Round "1"]
[White "gladiador"]
[Black "lordpaulo"]
[Result "0-1"]
[WhiteElo "1427"]
[BlackElo "1761"]

1. e4 c5 2. Nf3 Nc6 3. Bb5 g6 4. Bxc6 bxc6 5. O-O Bg7 6. c3 Ba6 7. d3 Nf6 8. Bg5
O-O 9. Bxf6 Bxf6 10. e5 Bg7 11. d4 Bxf1 12. Qxf1 cxd4 13. cxd4 Rb8 14. b3 Qa5
15. Qd3 d6 16. Nc3 dxe5 17. Nxe5 Bxe5 0-1

[Event "AUTO-INT-834"]
[Site "http://www.queenalice.com/game.php?id=371885"]
[Date "2008.3.16"]
[Round "1"]
[White "lordpaulo"]
[Black "Fischercat"]
[Result "0-1"]
[WhiteElo "1642"]
[BlackElo "1778"]

1. c4 c5 2. g3 e6 3. Bg2 g6 4. e3 Bg7 5. Ne2 Nc6 6. O-O Nge7 7. d4 cxd4 8. exd4
O-O 9. Nbc3 d5 10. c5 b6 11. Be3 Nf5 12. a3 Nxe3 13. fxe3 Ba6 14. Rf2 Bh6 15.
Qd2 bxc5 16. dxc5 Na5 17. Rb1 Nb3 18. Qd1 Nxc5 19. Qd4 Qb6 20. Nf4 Bxf4 21. exf4
Rad8 22. b4 Nd7 23. Qxb6 Nxb6 0-1

[Event "AUTO-INT-834"]
[Site "http://www.queenalice.com/game.php?id=371886"]
[Date "2008.3.16"]
[Round "1"]
[White "Fischercat"]
[Black "lordpaulo"]
[Result "1-0"]
[WhiteElo "1789"]
[BlackElo "1631"]

1. e4 c5 2. Bc4 e6 3. e5 g6 4. h4 Bg7 5. f4 Ne7 6. g4 d5 7. Bb5+ Bd7 8. Bxd7+
Nxd7 9. Na3 a6 10. d3 b5 11. c3 b4 12. Nc2 bxc3 13. bxc3 f6 14. exf6 Bxf6 15.
Bb2 Rb8 16. g5 Bg7 17. Rb1 Qa5 18. Ne2 Qxa2 19. Qc1 d4 20. Kd2 dxc3+ 21. Nxc3
Bxc3+ 22. Kxc3 Nd5+ 23. Kd2 1-0

[Event "AUTO-INT-834"]
[Site "http://www.queenalice.com/game.php?id=371887"]
[Date "2008.3.16"]
[Round "1"]
[White "lordpaulo"]
[Black "IuriPasini"]
[Result "0-1"]
[WhiteElo "1589"]
[BlackElo "2026"]

1. d4 d5 2. c4 c6 3. cxd5 cxd5 4. Nc3 e6 5. Nf3 Nf6 6. Bg5 Be7 7. e3 O-O 8. Bd3
Nc6 9. O-O h6 10. Bh4 a6 11. a3 Re8 12. Bc2 g6 13. Qb1 Kg7 14. Nd2 Ng8 15. Bxe7
Ngxe7 16. f4 Nf5 17. Rf3 Nce7 18. Ne2 Bd7 19. e4 dxe4 20. Bxe4 Qb6 0-1

[Event "AUTO-INT-834"]
[Site "http://www.queenalice.com/game.php?id=371888"]
[Date "2008.3.16"]
[Round "1"]
[White "IuriPasini"]
[Black "lordpaulo"]
[Result "1-0"]
[WhiteElo "2024"]
[BlackElo "1644"]

1. e4 c5 2. Nf3 Nc6 3. d4 cxd4 4. Nxd4 e5 5. Nb5 d6 6. c4 a6 7. N5c3 Nf6 8. Be3
Be7 9. Be2 O-O 10. O-O Rb8 11. f3 Be6 12. Nd5 b5 13. Nxe7+ Qxe7 14. cxb5 axb5
15. Nc3 Nd7 16. Nxb5 Nb6 17. Qxd6 Qxd6 18. Nxd6 Nd7 19. b3 1-0

[Event "AUTO-ADV-837"]
[Site "http://www.queenalice.com/game.php?id=371920"]
[Date "2008.3.16"]
[Round "1"]
[White "Grau"]
[Black "lordpaulo"]
[Result "1-0"]
[WhiteElo "2007"]
[BlackElo "1587"]

1. e4 c5 2. Nf3 Nc6 3. d4 cxd4 4. Nxd4 e5 5. Nb5 d6 6. c4 a6 7. N5c3 Be6 8. Be3
Nf6 9. Nd5 Be7 10. Bb6 Qc8 11. Nc7+ Kf8 12. Nxa8 Qxa8 13. Nc3 g6 14. Be2 Kg7 15.
O-O Nd7 16. Be3 Re8 17. Nd5 f6 18. Nc7 1-0

[Event "AUTO-ADV-837"]
[Site "http://www.queenalice.com/game.php?id=371921"]
[Date "2008.3.16"]
[Round "1"]
[White "lordpaulo"]
[Black "Grau"]
[Result "0-1"]
[WhiteElo "1587"]
[BlackElo "2007"]

1. d4 d5 2. c4 dxc4 3. Nc3 Nf6 4. e4 e5 5. d5 Bc5 6. Bxc4 O-O 7. h3 c6 8. Nge2
Bb4 9. O-O b5 10. Bb3 Bxc3 11. bxc3 Bb7 12. Ba3 Re8 13. d6 Nxe4 14. Qd3 Nf6 15.
Rad1 Nbd7 16. Qf5 c5 17. Bc2 Rc8 0-1

[Event "AUTO-ADV-837"]
[Site "http://www.queenalice.com/game.php?id=371934"]
[Date "2008.3.16"]
[Round "1"]
[White "erivaldoadao"]
[Black "lordpaulo"]
[Result "1-0"]
[WhiteElo "1540"]
[BlackElo "1549"]

1. e4 e5 2. Nf3 d6 3. d4 exd4 4. Nxd4 Nf6 5. Bg5 Be7 6. Nc3 O-O 7. Bc4 c5 8. Nf3
Bg4 9. h3 Bh5 10. g4 Bg6 11. Qd2 Nxe4 12. Nxe4 Bxe4 13. Bxe7 Qxe7 14. Qe3 1-0

[Event "AUTO-ADV-837"]
[Site "http://www.queenalice.com/game.php?id=371935"]
[Date "2008.3.16"]
[Round "1"]
[White "lordpaulo"]
[Black "erivaldoadao"]
[Result "0-1"]
[WhiteElo "1567"]
[BlackElo "1522"]

1. d4 d5 2. c4 e6 3. Nc3 Bb4 4. Qc2 Nf6 5. Bg5 O-O 6. e3 Nbd7 7. Bd3 dxc4 8.
Bxc4 Qe8 9. Ne2 a6 10. O-O b5 11. Bb3 Bxc3 12. bxc3 Bb7 13. f3 Bd5 0-1

[Event "AUTO-ADV-837"]
[Site "http://www.queenalice.com/game.php?id=371942"]
[Date "2008.3.16"]
[Round "1"]
[White "braseiko"]
[Black "lordpaulo"]
[Result "1-0"]
[WhiteElo "1937"]
[BlackElo "1593"]

1. d4 c5 2. Nf3 cxd4 3. Qxd4 Nc6 4. Qd1 e5 5. e4 Bc5 6. Bc4 Nf6 7. Bg5 O-O 8.
O-O h6 9. Bxf6 Qxf6 10. c3 d6 11. Nbd2 Bg4 12. Qb3 Rab8 13. Rad1 a6 14. Bd5 Ne7
15. h3 Bxf3 16. Nxf3 Ng6 17. Qc2 Nf4 18. Nh2 Qg6 19. Ng4 h5 20. Ne3 Nxh3+ 21.
Kh2 Nf4 22. b4 1-0

[Event "AUTO-ADV-837"]
[Site "http://www.queenalice.com/game.php?id=371943"]
[Date "2008.3.16"]
[Round "1"]
[White "lordpaulo"]
[Black "braseiko"]
[Result "0-1"]
[WhiteElo "1591"]
[BlackElo "1939"]

1. Nf3 g6 2. d4 d5 3. Nc3 Bg7 4. e3 a6 5. Bd3 Be6 6. O-O Nd7 7. b3 Ngf6 8. Ne2
c5 9. Bb2 cxd4 10. Nfxd4 Nc5 11. Nxe6 Nxe6 12. Nf4 Nxf4 13. exf4 O-O 14. f5 d4
15. fxg6 hxg6 16. Qf3 b5 17. Rad1 e5 18. c3 dxc3 19. Bxc3 Qe7 20. Rfe1 Nd7 21.
Be4 Rac8 0-1

[Event "AUTO-OPEN-1057"]
[Site "http://www.queenalice.com/game.php?id=372087"]
[Date "2008.3.16"]
[Round "1"]
[White "rob0330"]
[Black "lordpaulo"]
[Result "1-0"]
[WhiteElo "1837"]
[BlackElo "1661"]

1. b3 e5 2. Bb2 Nc6 3. e3 d5 4. Bb5 Bd6 5. Nf3 Bg4 6. Bxc6+ bxc6 7. h3 Bh5 8. g4
Bg6 9. Nxe5 Ne7 10. Nxg6 hxg6 11. Bxg7 Rh7 12. Bf6 Qd7 13. Bxe7 Qxe7 14. d4 Qe4
15. Ke2 O-O-O 16. Nc3 Qe7 17. Qd3 Re8 18. Qa6+ Kd7 19. Qxa7 Bf4 20. Kf3 Bxe3 21.
Rhe1 Qf6+ 22. Kg2 Qxf2+ 23. Kh1 1-0

[Event "AUTO-OPEN-1057"]
[Site "http://www.queenalice.com/game.php?id=372088"]
[Date "2008.3.16"]
[Round "1"]
[White "lordpaulo"]
[Black "rob0330"]
[Result "0-1"]
[WhiteElo "1652"]
[BlackElo "1846"]

1. e4 e5 2. Nf3 Nc6 3. Bb5 f5 4. O-O fxe4 5. Bxc6 exf3 6. Bxf3 Nf6 7. Re1 Bd6 8.
d4 e4 9. Bg5 O-O 10. Bxf6 Qxf6 11. Rxe4 Qh6 12. Rg4 Qxh2+ 13. Kf1 Qh1+ 14. Ke2
Re8+ 15. Kd2 Qh6+ 16. Kc3 Qf6 17. b3 a5 18. Kb2 Bc5 19. Nc3 c6 20. dxc5 d5 21.
Rd4 Bf5 22. Qd2 Re7 0-1

[Event "AUTO-OPEN-1057"]
[Site "http://www.queenalice.com/game.php?id=372107"]
[Date "2008.3.16"]
[Round "1"]
[White "mateus_amorim96"]
[Black "lordpaulo"]
[Result "1-0"]
[WhiteElo "1736"]
[BlackElo "1577"]

1. d4 c5 2. c3 cxd4 3. cxd4 d5 4. Nf3 Nc6 5. Nc3 e6 6. g3 Nf6 7. Bg2 Bb4 8. O-O
O-O 9. a3 Bd6 10. e3 b6 11. Bd2 Ba6 12. Re1 Qe7 13. Qc2 Rac8 14. Qd1 Rfd8 15. b4
Bc4 16. Bc1 b5 17. Bb2 h6 18. Rc1 1-0

[Event "AUTO-OPEN-1057"]
[Site "http://www.queenalice.com/game.php?id=372108"]
[Date "2008.3.16"]
[Round "1"]
[White "lordpaulo"]
[Black "mateus_amorim96"]
[Result "0-1"]
[WhiteElo "1587"]
[BlackElo "1726"]

1. c4 c5 2. Nc3 b6 3. e3 Bb7 4. Nf3 g6 5. Be2 Bg7 6. O-O Nc6 7. d4 cxd4 8. exd4
Nf6 9. d5 Nb8 10. Re1 O-O 11. Bd3 d6 12. Qc2 Qd7 13. Bg5 e6 14. dxe6 fxe6 15.
Nd4 e5 16. Ndb5 Ne8 17. Be4 Nc6 18. Na3 Qg4 0-1

[Event "AUTO-OPEN-1057"]
[Site "http://www.queenalice.com/game.php?id=372117"]
[Date "2008.3.16"]
[Round "1"]
[White "gates"]
[Black "lordpaulo"]
[Result "1-0"]
[WhiteElo "1314"]
[BlackElo "1621"]

1. d4 c5 2. dxc5 Nc6 3. e4 e5 4. Qf3 Qa5+ 5. c3 Qxc5 6. Be3 Qa5 7. b4 Qc7 8. Bc4
Nf6 9. Nd2 Be7 10. O-O-O O-O 11. Bg5 a6 12. Nh3 b5 13. Bd5 a5 14. Kc2 axb4 15.
cxb4 1-0

[Event "AUTO-OPEN-1057"]
[Site "http://www.queenalice.com/game.php?id=372118"]
[Date "2008.3.16"]
[Round "1"]
[White "lordpaulo"]
[Black "gates"]
[Result "1-0"]
[WhiteElo "1659"]
[BlackElo "1295"]

1. e4 d5 2. exd5 Qxd5 3. Nc3 Qf5 4. Bd3 Qg5 5. g3 e6 6. Nf3 Qg4 7. O-O Bb4 8.
Be2 Bxc3 9. bxc3 f6 10. Ba3 Nh6 11. Rb1 Kf7 12. Ne5+ fxe5 13. Bxg4 Nxg4 14. Qxg4
Rd8 15. Qh5+ 1-0